00656nam a2200157 i 450000100060000000300090000600500170001500700030003200800410003524501820007626000600025830000210031850000730033971000540041285200320046656457ES-MaACL20230906163356.0t|031009s1925 sp ||||1| spa d00aDictamen persentado en la información pública sobre el anteproyecto de ferrocarriles / credactado por la Dirección de Planes y Proyectos del Consejo Superior Ferroviario. aBurgos : b[s.n., c1925] (fImp. Rafael J. de Aldecoa) a80 p. ; c20 cm. aPrecede al tít.: Comisión Burgalesa de Iniciativas Ferroviarias.2 aComisión Burgalesa de Iniciativas Ferroviarias. aES-MaACLj1686-F-3 bR.5051